|
|
|
|
| LEADER |
03073nam a22004815i 4500 |
| 001 |
978-3-662-44551-8 |
| 003 |
DE-He213 |
| 005 |
20151125231754.0 |
| 007 |
cr nn 008mamaa |
| 008 |
150310s2015 gw | s |||| 0|eng d |
| 020 |
|
|
|a 9783662445518
|9 978-3-662-44551-8
|
| 024 |
7 |
|
|a 10.1007/978-3-662-44551-8
|2 doi
|
| 040 |
|
|
|d GrThAP
|
| 050 |
|
4 |
|a QD478
|
| 072 |
|
7 |
|a TBN
|2 bicssc
|
| 072 |
|
7 |
|a SCI050000
|2 bisacsh
|
| 082 |
0 |
4 |
|a 541.2
|2 23
|
| 245 |
1 |
0 |
|a Surface Science Tools for Nanomaterials Characterization
|h [electronic resource] /
|c edited by Challa S.S.R. Kumar.
|
| 264 |
|
1 |
|a Berlin, Heidelberg :
|b Springer Berlin Heidelberg :
|b Imprint: Springer,
|c 2015.
|
| 300 |
|
|
|a X, 652 p. 293 illus., 221 illus. in color.
|b online resource.
|
| 336 |
|
|
|a text
|b txt
|2 rdacontent
|
| 337 |
|
|
|a computer
|b c
|2 rdamedia
|
| 338 |
|
|
|a online resource
|b cr
|2 rdacarrier
|
| 347 |
|
|
|a text file
|b PDF
|2 rda
|
| 505 |
0 |
|
|a Higher Resolution Scanning Probe Methods for Magnetic Imaging -- The Synchrotron Based VUV Resonant Photoemission for Characterisation of Nanomaterials -- SPM for Characterization of PbSe Nanocrystals.-Scanning Probe Microscopy for Nanolithography -- Kelvin Probe Force Microscopy.-Synchrotron Radiation X-ray Photoelectron Spectroscopy -- Scanning Electrochemical Potential Microscopy (SECPM) and Electrochemical STM (EC-STM) -- Band Bending at Metal-Semiconductor and Metal-Ferroelectric Interfaces Investigated by Photoelectron Spectroscopy -- Magnetic Force Microscopy -- High Resolution STM Imaging.-Numerical Simulations on Nanotips for FIM and FEM .-ARPES on Organic Semiconductor Single Crystals Crystalline Films -- FIM-Characterized Tips for SPM -- Scanning Conductive Torsion Mode Microscopy -- Scanning Probe Acceleration Microscopy (SPAM) -- Combining Micromanipulation, Kerr Magnetometry and Magnetic Force Microscopy for Characterization of Magnetic Nanostructures -- Field Ion Microscopy (FIM) -- Non-Contact Atomic Force Microscopy for Characterization of Nanostructures and Beyond.
|
| 520 |
|
|
|a Fourth volume of a 40volume series on nano science and nanotechnology, edited by the renowned scientist Challa S.S.R. Kumar. This handbook gives a comprehensive overview about Surface Science Tools for Nanomaterials Characterization. Modern applications and state-of-the-art techniques are covered and make this volume an essential reading for research scientists in academia and industry.
|
| 650 |
|
0 |
|a Chemistry.
|
| 650 |
|
0 |
|a Nanochemistry.
|
| 650 |
|
0 |
|a Nanoscale science.
|
| 650 |
|
0 |
|a Nanoscience.
|
| 650 |
|
0 |
|a Nanostructures.
|
| 650 |
|
0 |
|a Nanotechnology.
|
| 650 |
1 |
4 |
|a Chemistry.
|
| 650 |
2 |
4 |
|a Nanochemistry.
|
| 650 |
2 |
4 |
|a Nanotechnology.
|
| 650 |
2 |
4 |
|a Nanoscale Science and Technology.
|
| 700 |
1 |
|
|a Kumar, Challa S.S.R.
|e editor.
|
| 710 |
2 |
|
|a SpringerLink (Online service)
|
| 773 |
0 |
|
|t Springer eBooks
|
| 776 |
0 |
8 |
|i Printed edition:
|z 9783662445501
|
| 856 |
4 |
0 |
|u http://dx.doi.org/10.1007/978-3-662-44551-8
|z Full Text via HEAL-Link
|
| 912 |
|
|
|a ZDB-2-CMS
|
| 950 |
|
|
|a Chemistry and Materials Science (Springer-11644)
|